000 00629nam a2200277Ia 4500
005 20260324133404.0
008 008 260324s9999 xx 000 0 eng d
020 _a9781315375946
037 _aEBOOK
040 _aCRL
040 _beng
040 _cCRL
041 _2eng
041 _aeng
084 _qCRL
100 _aJoseph Spitzer
_91192912
245 0 _aCaring for Jewish Patients
260 _bTaylor and Francis
260 _c2003
365 _a
365 _b310
856 _uhttp://www.taylorfrancis.com/books/9781315375946
942 _cEBOOK
999 _c1791890
_d1791890